| 000 | 00762nam a2200241 a 4500 | ||
|---|---|---|---|
| 005 | 20210223130551.0 | ||
| 008 | 080729s1980 mx r 000 0 spa d | ||
| 035 | _aUPN01000158461 | ||
| 049 | _aUNE | ||
| 080 | _a371.625. 4 (729.8) =20BUR No.34. | ||
| 100 | 1 | _aBurke, Walter | |
| 245 | 1 | 0 |
_aSchool meals programme of Barbados : _ba case study / _cWalter Burke. |
| 260 |
_aParís : _bUNESCO ; _aNew York : _bUNICEF ; _c1980. |
||
| 300 |
_a10 (7) p. : _bretrs., fot. |
||
| 440 | 0 |
_aNotes, Comments... ; _v34. |
|
| 690 | _aComidas escolares - Barbados | ||
| 690 | _aNutrición - Barbados | ||
| 690 | _aBarbados - Comidas escolares | ||
| 710 | 2 |
_aUNICEF _924085 |
|
| 710 | 2 | _aUNESCO | |
| 710 | 2 |
_aWFP. _bPrograma de Alimentación Mundial. |
|
| 905 | _aUNESCO | ||
| 999 |
_c130575 _d130575 |
||